| 000 | 01066 a2200277 4500 | ||
|---|---|---|---|
| 003 | Nust | ||
| 005 | 20221013133715.0 | ||
| 010 | _a 90024089 | ||
| 020 | _a0836800621 | ||
| 040 | _cNust | ||
| 082 | 0 | 0 | _a551.5,ROW |
| 100 | 2 |
_aRowland-Entwistle, Theodore. _9100119 |
|
| 245 | 1 | 0 |
_aWeather and climate / _cTheodore Rowland-Entwistle ; [illustrated by Oxford Illustrators Ltd. and Eugene Fleury]. |
| 250 | _aNorth American ed. | ||
| 260 |
_aMilwaukee : _bG. Stevens Children's Books, _c1992. |
||
| 300 |
_a64 p. : _bcol. ill. ; _c26 cm. |
||
| 440 | 0 |
_aGareth Stevens information library _9100120 |
|
| 505 | _aWeather or Climate (Page-4), The Weather Machine (Page-6), Weather Forecasting (Page-16) Climate (Page-24), Changes in Climate (Page-42), People and Climate (Page-52). | ||
| 650 | 0 |
_aClimatology _xJuvenile literature. _9100151 |
|
| 650 | 0 |
_aClimatology. _92246 |
|
| 650 | 0 |
_aWeather _xJuvenile literature. _9100152 |
|
| 650 | 0 |
_aWeather. _92298 |
|
| 700 | 1 |
_aFleury, Eugene, _9100185 |
|
| 710 | 2 |
_aOxford Illustrators Ltd. _9100186 |
|
| 942 |
_2ddc _cBK |
||
| 999 |
_c183805 _d183805 |
||